[Event "79th ch-ESP 2014"]
[Site "Linares ESP"]
[Date "2014.08.27"]
[Round "3.31"]
[White "Prado Acebo, Ines"]
[Black "Romero Berruezo, Francisco"]
[Result "1-0"]
[WhiteElo "1992"]
[BlackElo "2211"]
[WhiteFideId "22251235"]
[BlackFideId "2224500"]
[EventDate "2014.08.25"]

1. d4 g6 2. c4 Bg7 3. Nc3 d6 4. e4 Nc6 5. Be3 e5 6. d5 Nd4 7. Bd3 c5 8. Nge2 Ne7
9. Qd2 O-O 10. h4 f5 11. Bg5 a6 12. O-O-O Bd7 13. h5 Qe8 14. hxg6 hxg6 15. f4 b5
16. exf5 bxc4 17. Bxc4 Bxf5 18. Bh6 Nxe2+ 19. Nxe2 Qa4 20. Bb3 Qb4 21. fxe5
Qxd2+ 22. Kxd2 Bxe5 23. Bxf8 Rxf8 24. Rh4 Bf6 25. Ra4 Bg5+ 26. Nf4 Bd7 27. g3
Bxa4 28. Bxa4 Nxd5 29. Bb3 Bxf4+ 30. gxf4 Rxf4 31. Bxd5+ Kg7 32. Ke3 Rb4 33. b3
Kf6 34. Bc4 Rb6 35. Kf4 a5 36. a4 Ke7 37. Rh1 Kf6 38. Re1 d5 39. Bxd5 g5+ 40.
Ke4 Rb8 41. Rf1+ Kg6 42. Kd3 Rb4 43. Bc4 Rb7 44. Ke4 Rd7 45. Ke5 g4 46. Be6 Rd4
47. Rf4 g3 48. Rf3 Kg7 49. Rxg3+ Kf8 50. Rc3 Ke7 51. Rxc5 Rd1 52. Bc4 Rh1 53.
Kd5 Kd7 54. Bb5+ Kd8 55. Kc6 Kc8 56. Kb6+ Kb8 57. Re5 Rh6+ 58. Kxa5 Ka7 59. Re7+
Kb8 60. Kb4 Rh3 61. a5 Rh4+ 62. Bc4 Rh5 63. a6 Ka8 64. Bb5 Rh6 65. Kc5 Rh5+ 66.
Kb6 Rh8 67. Bf1 1-0

[Event "79th ch-ESP 2014"]
[Site "Linares ESP"]
[Date "2014.08.27"]
[Round "3.32"]
[White "Martinez Lopez, David"]
[Black "Domingo Nunez, Ruben"]
[Result "1-0"]
[WhiteElo "2209"]
[BlackElo "1970"]
[WhiteFideId "22235779"]
[BlackFideId "22245570"]
[EventDate "2014.08.25"]

1. e4 e6 2. d4 d5 3. Nc3 Bb4 4. e5 c5 5. a3 Bxc3+ 6. bxc3 Ne7 7. Qg4 Qc7 8. Qxg7
Rg8 9. Qxh7 cxd4 10. Ne2 Nbc6 11. f4 dxc3 12. Qd3 Bd7 13. h4 O-O-O 14. h5 Nf5
15. Rb1 d4 16. Rg1 Nh6 17. Nxd4 Be8 18. Nb5 Rxd3 19. Nxc7 Rdg3 20. Nb5 Nf5 21.
Bd3 Ncd4 22. Nxd4 Nxd4 23. Kf2 Nf3 24. Rd1 Nh4 25. Bf1 Bc6 26. h6 Be4 27. Rb4
Bxc2 28. Rc4+ Kb8 29. Rd7 Bb3 30. Rcc7 Bd5 31. h7 Rxg2+ 32. Bxg2 Rxg2+ 33. Kf1
Ng6 34. Rxc3 a5 35. Rd8+ Ka7 36. Rd7 1-0

[Event "79th ch-ESP 2014"]
[Site "Linares ESP"]
[Date "2014.08.28"]
[Round "4.1"]
[White "Perez Candelario, Manuel"]
[Black "Vallejo Pons, Francisco"]
[Result "0-1"]
[WhiteTitle "GM"]
[BlackTitle "GM"]
[WhiteElo "2575"]
[BlackElo "2698"]
[WhiteFideId "2210622"]
[BlackFideId "2205530"]
[EventDate "2014.08.25"]

1. e4 c5 2. Nf3 d6 3. d4 cxd4 4. Nxd4 Nf6 5. Nc3 a6 6. Be3 Ng4 7. Bg5 h6 8. Bh4
g5 9. Bg3 Bg7 10. h3 Ne5 11. Be2 Nbc6 12. Nb3 Ng6 13. Qd2 b5 14. O-O-O Rb8 15.
Kb1 b4 16. Nd5 a5 17. Nc5 O-O 18. Nd3 e6 19. Ne3 Nd4 20. f4 Nxe2 21. Qxe2 gxf4
22. Bxf4 Nxf4 23. Nxf4 Qf6 24. Nd3 Ba6 25. Rd2 Qd4 26. Nd1 a4 27. Qe3 Qc4 28. e5
Rfd8 29. N1f2 b3 30. cxb3 axb3 31. Ng4 bxa2+ 32. Ka1 Qb3 33. Nf6+ Kh8 34. Rc1
Rdc8 35. Re1 Rc3 36. exd6 Rxd3 37. d7 Rxe3 38. Rh1 0-1

[Event "79th ch-ESP 2014"]
[Site "Linares ESP"]
[Date "2014.08.28"]
[Round "4.2"]
[White "Vazquez Igarza, Renier"]
[Black "Del Rio De Angelis, Salvador G."]
[Result "1/2-1/2"]
[WhiteTitle "GM"]
[BlackTitle "GM"]
[WhiteElo "2603"]
[BlackElo "2529"]
[WhiteFideId "3503054"]
[BlackFideId "2203138"]
[EventDate "2014.08.25"]

1. d4 d6 2. e4 Nf6 3. Nc3 e5 4. dxe5 dxe5 5. Qxd8+ Kxd8 6. Bg5 c6 7. O-O-O+ Nd7
8. Bxf6+ gxf6 9. g3 Bc5 10. Rd2 Bb4 11. Nge2 Ke7 12. Bh3 Nc5 13. Bxc8 Rhxc8 14.
f3 Ne6 15. Rhd1 Rc7 16. Rd3 Nc5 17. R3d2 Ne6 18. Rd3 Nc5 19. R3d2 Ne6 1/2-1/2

[Event "79th ch-ESP 2014"]
[Site "Linares ESP"]
[Date "2014.08.28"]
[Round "4.3"]
[White "Santos Latasa, Jaime"]
[Black "Korneev, Oleg"]
[Result "0-1"]
[WhiteTitle "FM"]
[BlackTitle "GM"]
[WhiteElo "2487"]
[BlackElo "2590"]
[WhiteFideId "2293307"]
[BlackFideId "4156803"]
[EventDate "2014.08.25"]

1. e4 c5 2. Nf3 Nc6 3. Nc3 Nf6 4. d4 cxd4 5. Nxd4 d6 6. Bg5 e6 7. Qd2 a6 8.
O-O-O Bd7 9. f3 b5 10. Nxc6 Bxc6 11. Ne2 h6 12. Be3 e5 13. Ng3 Qc7 14. Qf2 Rc8
15. Kb1 g6 16. h4 Bg7 17. Qd2 h5 18. Bd3 O-O 19. Bh6 Bd7 20. Nf5 gxf5 21. Bxg7
Kxg7 22. Qg5+ Kh7 23. Qxf6 f4 24. g3 fxg3 25. Rhg1 Rg8 26. Qxf7+ Kh6 27. Be2 Rg7
28. Qb3 Rg6 29. f4 exf4 30. Qf3 Kg7 31. c4 Bg4 32. Qc3+ Kh7 33. Bxg4 hxg4 34.
Rd5 Rg7 35. Rg5 Qe7 36. e5 Rxg5 37. Qd3+ Rg6 38. h5 Qg5 39. Rh1 Kg7 0-1

[Event "79th ch-ESP 2014"]
[Site "Linares ESP"]
[Date "2014.08.28"]
[Round "4.4"]
[White "Anton Guijarro, David"]
[Black "Arribas Lopez, Angel"]
[Result "0-1"]
[WhiteTitle "GM"]
[BlackTitle "IM"]
[WhiteElo "2624"]
[BlackElo "2503"]
[WhiteFideId "2285525"]
[BlackFideId "2283352"]
[EventDate "2014.08.25"]

1. e4 e5 2. Bc4 Nf6 3. d3 Nc6 4. Nf3 Be7 5. O-O O-O 6. Nc3 d6 7. a4 Bg4 8. Be3
Nb4 9. Bb3 Qc8 10. Ne2 Bxf3 11. gxf3 Qh3 12. Ng3 g6 13. Kh1 d5 14. Rg1 Kh8 15.
c3 Na6 16. d4 dxe4 17. dxe5 Rfd8 18. Qc2 Nd7 19. f4 f5 20. Bc4 c6 21. Rgd1 Nc7
22. Rd2 Nb6 23. Bf1 Qh4 24. c4 Ne6 25. Rad1 Bb4 26. Rxd8+ Rxd8 27. a5 Bxa5 28.
Ra1 Bb4 29. Rxa7 Nd4 30. Bxd4 Rxd4 31. Qb3 Qe7 32. Rxb7 Qxb7 33. Qxb4 Kg8 34.
Qc5 Rd8 35. b4 Na4 36. Qe3 Qxb4 37. Qa7 Nc5 38. Qe7 Rf8 39. h4 Nd3 40. Qe6+ Kh8
41. h5 Nxf4 42. Qd7 Nxh5 43. Nxh5 gxh5 44. e6 Qc3 45. Bg2 Rg8 0-1

[Event "79th ch-ESP 2014"]
[Site "Linares ESP"]
[Date "2014.08.28"]
[Round "4.5"]
[White "Antoli Royo, Joaquin Miguel"]
[Black "Salgado Lopez, Ivan"]
[Result "0-1"]
[WhiteTitle "IM"]
[BlackTitle "GM"]
[WhiteElo "2428"]
[BlackElo "2620"]
[WhiteFideId "2259532"]
[BlackFideId "2257327"]
[EventDate "2014.08.25"]

1. e4 c5 2. Nf3 Nc6 3. Bb5 g6 4. Bxc6 bxc6 5. O-O Bg7 6. Re1 Rb8 7. c3 Nf6 8.
Qa4 Qc7 9. d4 cxd4 10. cxd4 O-O 11. Nc3 d6 12. h3 Nd7 13. Qc2 Bb7 14. Bg5 Rfe8
15. Rac1 Qa5 16. Bd2 Qa6 17. Be3 Ba8 18. Rcd1 Qb7 19. b3 Rbc8 20. Qd2 c5 21.
dxc5 Nxc5 22. Bd4 f6 23. Qe3 a6 24. Nd5 Nd7 25. Rc1 Kf7 26. Bb2 h6 27. Nh4 e6
28. Rxc8 Rxc8 29. Nf4 g5 30. Nxe6 Kxe6 31. Nf5 Bf8 32. Qe2 Ne5 33. Bxe5 dxe5 34.
Qg4 h5 35. Qxh5 Qb4 36. Re3 Bxe4 37. Ng3 Bb1 38. Qe2 Rc6 39. Qh5 Be7 40. Qe8 Qb5
41. Re1 Bd3 42. a4 Qd5 43. Rd1 e4 44. Nh5 Rc7 45. Ng7+ Ke5 46. Qg6 Qd7 47. g4
Bc5 48. Nh5 Qe6 49. Ng7 Qd7 50. Nh5 Rc6 51. Kg2 Qd5 52. Kh2 Kd4 53. Ng3 Kc3 54.
Qe8 Kc2 55. Ra1 Kb2 56. Rd1 Bxf2 57. Ra1 0-1

[Event "79th ch-ESP 2014"]
[Site "Linares ESP"]
[Date "2014.08.28"]
[Round "4.6"]
[White "Fernandez Garcia, Jose Miguel"]
[Black "Lopez Martinez, Josep Manuel"]
[Result "1-0"]
[WhiteTitle "FM"]
[BlackTitle "GM"]
[WhiteElo "2353"]
[BlackElo "2549"]
[WhiteFideId "22200070"]
[BlackFideId "2212943"]
[EventDate "2014.08.25"]

1. d4 e6 2. Nf3 f5 3. g3 b5 4. Qd3 a6 5. Bg2 Bb7 6. O-O Nf6 7. Bg5 Be7 8. a4 Be4
9. Qd2 b4 10. Bxf6 Bxf6 11. Qxb4 Nc6 12. Qd2 Rb8 13. e3 Rxb2 14. Ne1 Bxg2 15.
Kxg2 Qa8 16. f3 e5 17. d5 Ne7 18. e4 Rb8 19. Nd3 fxe4 20. fxe4 Nxd5 21. Nc5 Nb6
22. Nc3 O-O 23. a5 Qc6 24. Nxa6 Nc4 25. Nxb8 Nxd2 26. Nxc6 Nxf1 27. Kxf1 dxc6
28. Ke2 Be7 29. a6 Ra8 30. Nd1 Bc5 31. Ne3 Bd4 32. Ra3 Kf7 33. Nc4 Ke6 34. Ra5
Rf8 35. Ne3 Bb6 36. Ra1 Bd4 37. Ra3 Bb6 38. c3 Bc5 39. Ra5 Bb6 40. Ra4 Ra8 41.
Nc4 Ra7 42. Na3 Kd6 43. Nc4+ Ke6 44. Kd3 Ra8 45. Na3 Kd6 46. Nc4+ Ke6 47. Na3
Kd6 48. Kc4 h5 49. Nc2 g5 50. Nb4 g4 51. Ra1 Be3 52. Rd1+ Ke6 53. Ra1 Kd6 54.
Rf1 Ke6 55. Rf5 h4 56. gxh4 Bf4 57. Kc5 Bxh2 58. Rg5 g3 59. Kxc6 Rd8 60. Kb7 c5
61. Nd5 Rd7+ 62. Nc7+ 1-0

[Event "79th ch-ESP 2014"]
[Site "Linares ESP"]
[Date "2014.08.28"]
[Round "4.7"]
[White "Arizmendi Martinez, Julen Luis"]
[Black "Alexandrova, Olga"]
[Result "1-0"]
[WhiteTitle "GM"]
[BlackTitle "IM"]
[WhiteElo "2544"]
[BlackElo "2424"]
[WhiteFideId "2205092"]
[BlackFideId "14102463"]
[EventDate "2014.08.25"]

1. d4 Nf6 2. c4 e6 3. Nf3 d5 4. Bg5 Be7 5. Nc3 O-O 6. e3 b6 7. Bd3 Bb7 8. Bxf6
Bxf6 9. cxd5 exd5 10. b4 c6 11. O-O a5 12. bxa5 Rxa5 13. Qb3 Nd7 14. a4 g6 15.
Rab1 Ba6 16. Bxa6 Rxa6 17. Rfe1 Bg7 18. Rbc1 Nf6 19. Na2 c5 20. dxc5 bxc5 21.
Rxc5 Qa8 22. Nb4 Rxa4 23. Nxd5 Nxd5 24. Qxd5 Ra1 25. Qxa8 Rxe1+ 26. Nxe1 Rxa8
27. Nc2 Rb8 28. Kf1 h5 29. Ke2 Bf6 30. f4 Rb3 31. Ne1 Rb1 32. Nd3 Kg7 33. Kf3
Rd1 34. Nf2 Rf1 35. g3 Rg1 36. h3 Rf1 37. Rd5 Rb1 38. Rd7 Rb3 39. Ne4 Rb6 40.
Nd6 Kg8 41. Nxf7 Rb1 42. Nh6+ Kh8 43. g4 Rf1+ 44. Ke4 Rh1 45. gxh5 gxh5 46. Kf5
Bg7 47. Nf7+ Kg8 48. Kg6 Rg1+ 49. Ng5 Kf8 50. Rf7+ Kg8 51. Rxg7+ 1-0

[Event "79th ch-ESP 2014"]
[Site "Linares ESP"]
[Date "2014.08.28"]
[Round "4.8"]
[White "Ibarra Jerez, Jose Carlos"]
[Black "Sanchez Dengra, Jose Maria"]
[Result "1-0"]
[WhiteTitle "GM"]
[WhiteElo "2521"]
[BlackElo "2134"]
[WhiteFideId "2226332"]
[BlackFideId "22245391"]
[EventDate "2014.08.25"]

1. Nc3 c5 2. Nf3 Nc6 3. d4 cxd4 4. Nxd4 e6 5. Ndb5 d6 6. Bf4 e5 7. Nd5 Be6 8.
Ndc7+ Kd7 9. Be3 Rc8 10. Nxe6 fxe6 11. c4 a6 12. Nc3 Nf6 13. g3 Ng4 14. Bd2 Qb6
15. e3 Nf6 16. Bh3 Nb4 17. Na4 Nd3+ 18. Ke2 Qc6 19. Ba5 Ke7 20. Nb6 Nxb2 21. Qb3
Nxc4 22. Rhc1 d5 23. Rab1 Rc7 24. Nxc4 dxc4 25. Bxc7 cxb3 26. Rxc6 bxc6 27. Rxb3
Nd7 28. Rc3 Nf6 29. Bxe5 Kf7 30. Rxc6 Bb4 31. Bxe6+ Kg6 32. Rxa6 Rd8 33. Bd4 1-0

[Event "79th ch-ESP 2014"]
[Site "Linares ESP"]
[Date "2014.08.28"]
[Round "4.9"]
[White "Navarro Lopez-Menchero, Daniel"]
[Black "Larino Nieto, David"]
[Result "1/2-1/2"]
[WhiteTitle "FM"]
[BlackTitle "GM"]
[WhiteElo "2135"]
[BlackElo "2432"]
[WhiteFideId "2297370"]
[BlackFideId "2256444"]
[EventDate "2014.08.25"]

1. e4 c6 2. Nc3 d5 3. Qf3 dxe4 4. Nxe4 Be6 5. Ne2 Nf6 6. N2c3 Nbd7 7. b3 g6 8.
Bb2 Bg7 9. h3 Nxe4 10. Qxe4 Nc5 11. Qf4 Bf5 12. O-O-O Ne6 13. Qe3 Bd4 14. Qf3
Bf6 15. Ne2 Nd4 16. Nxd4 Bxd4 17. g4 Be6 18. Qd3 Bxb2+ 19. Kxb2 Qxd3 20. Bxd3 h5
21. Be2 Bd5 22. f3 c5 23. d4 cxd4 24. Rxd4 Bc6 25. Rhd1 e5 26. R4d3 hxg4 27.
hxg4 Kf8 28. Re3 Re8 29. b4 Rh2 30. Re1 a6 31. Kb3 Rh3 32. Bd1 e4 33. fxe4 Rxe4
34. Rxh3 Rxe1 35. Rd3 Be4 36. Rd4 f5 37. gxf5 gxf5 38. c3 Ke7 39. Bc2 Ke6 40.
Bxe4 Rxe4 41. Rd8 f4 42. Rf8 Ke5 43. a4 b5 44. axb5 axb5 45. Kc2 Re2+ 46. Kd3
Re3+ 47. Kd2 Ke4 48. Re8+ Kf3 49. Rc8 Re2+ 50. Kd3 Re7 51. c4 Re3+ 52. Kd4 Re4+
53. Kc3 bxc4 54. b5 Re1 55. b6 Rb1 56. Rb8 Kf2 57. b7 f3 58. Kxc4 Rc1+ 59. Kd4 1/2-1/2

[Event "79th ch-ESP 2014"]
[Site "Linares ESP"]
[Date "2014.08.28"]
[Round "4.10"]
[White "Rubio Mejia, Luis Ignacio"]
[Black "Espinosa Aranda, Angel"]
[Result "1-0"]
[WhiteTitle "IM"]
[BlackTitle "IM"]
[WhiteElo "2470"]
[BlackElo "2385"]
[WhiteFideId "2281228"]
[BlackFideId "2278189"]
[EventDate "2014.08.25"]

1. d4 Nf6 2. c4 g6 3. Nc3 Bg7 4. e4 d6 5. Nf3 O-O 6. Be2 e5 7. d5 Na6 8. Bg5 h6
9. Bh4 g5 10. Bg3 Nxe4 11. Nxe4 f5 12. Nfd2 fxe4 13. Nxe4 Bf5 14. Bd3 g4 15. O-O
h5 16. f3 Bxe4 17. Bxe4 Nc5 18. Bc2 e4 19. fxg4 Qg5 20. gxh5 Bxb2 21. Rxf8+ Rxf8
22. Rb1 Be5 23. Bxe5 Qxe5 24. h3 Kh8 25. Qg4 Rg8 26. Qe2 Rf8 27. Qe3 Qxh5 28.
Bxe4 Re8 29. Qc3+ Kg8 30. Qg3+ Kh8 31. Bg6 Rg8 32. Bxh5 Rxg3 33. Bf3 Kg7 34. Re1
Kf7 35. h4 Rg8 36. Re3 Nd7 37. Bh5+ Kf6 38. Re6+ Kf5 39. Re7 Ne5 40. Be2 Kf4 41.
Kf2 Ke4 42. Bf3+ Kd4 43. Rxc7 Nd3+ 44. Kf1 Re8 45. Kg1 Ne5 46. Rxb7 a5 47. Ra7
Rh8 48. Rxa5 Rxh4 49. Be2 Ke3 50. Bf1 Rh6 51. Ra3+ Kd4 52. Rh3 Rg6 53. Be2 Rg7
54. a4 Ra7 55. Ra3 Nxc4 56. Bxc4 Kxc4 57. a5 Kxd5 58. a6 Kc4 59. Kf2 Kb4 60. Ra1
d5 61. Ke3 Kc4 62. g4 d4+ 63. Kd2 Rh7 64. Ra4+ Kd5 1-0

[Event "79th ch-ESP 2014"]
[Site "Linares ESP"]
[Date "2014.08.28"]
[Round "4.11"]
[White "Gonzalez De La Torre, Santiago"]
[Black "Mora Menezo, Jesus"]
[Result "0-1"]
[WhiteTitle "IM"]
[WhiteElo "2466"]
[BlackElo "2196"]
[WhiteFideId "2221667"]
[BlackFideId "2228980"]
[EventDate "2014.08.25"]

1. e4 c5 2. Nf3 d6 3. Bc4 Nf6 4. d3 Nc6 5. c3 g6 6. O-O Bg7 7. Bb3 O-O 8. h3 h6
9. Re1 e5 10. d4 Qc7 11. d5 Ne7 12. c4 Ne8 13. Nc3 f5 14. exf5 gxf5 15. Nh4 Bd7
16. Bc2 a6 17. a4 b6 18. Ra3 Rb8 19. Ne2 Nf6 20. Nf4 Qc8 21. Nhg6 Nxg6 22. Nxg6
Rf7 23. Rg3 f4 24. Nxf4 exf4 25. Bxf4 Qf8 26. Bxh6 Re8 27. Rxe8 Nxe8 28. Bg6
Bxh6 29. Qh5 Re7 30. Bxe8+ Bg7 31. Bg6 Re1+ 32. Kh2 Qf4 33. b3 Kf8 34. Qh7 b5
35. Bh5 Re7 36. Kg1 Bf5 37. Bg6 Qxg3 38. fxg3 Bd4+ 39. Kh2 Rxh7 40. Bxf5 Rf7 41.
Be6 bxa4 42. bxa4 Rf1 43. Bc8 a5 44. h4 Rc1 45. Ba6 Bf2 46. Kh3 Rc3 47. Kg4
Rxg3+ 48. Kf5 Ke7 0-1

[Event "79th ch-ESP 2014"]
[Site "Linares ESP"]
[Date "2014.08.28"]
[Round "4.12"]
[White "Suarez Garcia, Carlos"]
[Black "Silva Rodriguez, Julio"]
[Result "1-0"]
[WhiteTitle "FM"]
[WhiteElo "2400"]
[BlackElo "2210"]
[WhiteFideId "22230858"]
[BlackFideId "2215284"]
[EventDate "2014.08.25"]

1. d4 Nf6 2. c4 e6 3. g3 c5 4. Nf3 cxd4 5. Nxd4 Nc6 6. Nc3 Qb6 7. e3 a6 8. Bg2
Ne5 9. b3 Bb4 10. Bb2 O-O 11. O-O Rd8 12. Na4 Qc7 13. Nc2 Be7 14. Bd4 Re8 15.
Bb6 Qb8 16. c5 d5 17. cxd6 Bxd6 18. Ba5 Bc7 19. Bxc7 Qxc7 20. Nd4 Rb8 21. Rc1
Qd8 22. Qe2 Ng6 23. Rfd1 Qe7 24. e4 e5 25. Nf5 Qa3 26. h4 Bd7 27. Nc3 h6 28. Nd6
Red8 29. Nc4 Qe7 30. Nd5 Nxd5 31. exd5 b5 32. Na5 f5 33. Nc6 Bxc6 34. dxc6 e4
35. c7 Rxd1+ 36. Qxd1 Rc8 37. Qd5+ Qf7 38. Qxf7+ Kxf7 39. f3 Ke7 40. fxe4 Kd6
41. exf5 Ne7 42. Re1 Rxc7 43. Re6+ Kc5 44. f6 gxf6 45. Rxa6 f5 46. Rxh6 Ra7 47.
Re6 Nd5 48. Re5 1-0

[Event "79th ch-ESP 2014"]
[Site "Linares ESP"]
[Date "2014.08.28"]
[Round "4.13"]
[White "Martinez Lopez, David"]
[Black "Vega Gutierrez, Sabrina"]
[Result "0-1"]
[BlackTitle "IM"]
[WhiteElo "2209"]
[BlackElo "2395"]
[WhiteFideId "22235779"]
[BlackFideId "2219026"]
[EventDate "2014.08.25"]

1. e4 c5 2. Nf3 Nc6 3. Bb5 Nf6 4. Bxc6 dxc6 5. d3 Qc7 6. h3 e5 7. Be3 c4 8. O-O
cxd3 9. cxd3 Be7 10. Nc3 O-O 11. Qc2 Rd8 12. d4 exd4 13. Bxd4 Qa5 14. Rad1 Be6
15. Rfe1 c5 16. Be3 h6 17. a3 Qa6 18. Ne5 Qb6 19. Qe2 Bb3 20. Rc1 Qe6 21. f4 Bd6
22. Qf2 Bxe5 23. fxe5 Nd7 24. Bxc5 Nxe5 25. Nb5 Nd3 26. Qe3 Nxe1 27. Rxe1 Qe5
28. Rf1 Bc4 29. Ra1 0-1

[Event "79th ch-ESP 2014"]
[Site "Linares ESP"]
[Date "2014.08.28"]
[Round "4.14"]
[White "Teran Alvarez, Ismael"]
[Black "Rodriguez Garcia, Manuel Fco"]
[Result "1-0"]
[WhiteTitle "IM"]
[WhiteElo "2388"]
[BlackElo "2158"]
[WhiteFideId "2204177"]
[BlackFideId "2218178"]
[EventDate "2014.08.25"]

1. c4 g6 2. g3 Bg7 3. Bg2 e5 4. Nc3 Ne7 5. d3 d6 6. Nf3 h6 7. O-O O-O 8. Rb1 f5
9. Qc2 Nd7 10. b4 Nf6 11. c5 Be6 12. b5 g5 13. Bxg5 hxg5 14. Nxg5 Qc8 15. Bxb7
Qxb7 16. Nxe6 Rfe8 17. Qb3 d5 18. e4 c6 19. f4 Qd7 20. Ng5 exf4 21. gxf4 Rad8
22. a4 fxe4 23. dxe4 Qg4+ 24. Kh1 Ng6 25. bxc6 Nxf4 26. Rg1 Qh5 27. Rbf1 Ng4 28.
Rxg4 Qxg4 29. Rg1 Qc8 30. Nxd5 Rxd5 31. exd5 Qf5 32. d6+ Kh8 33. d7 Rf8 34. Qb1
Qd5+ 35. Qe4 Qxe4+ 36. Nxe4 Ne6 37. Ng5 Nc7 38. d8=Q 1-0

[Event "79th ch-ESP 2014"]
[Site "Linares ESP"]
[Date "2014.08.28"]
[Round "4.15"]
[White "Gil Quilez, Sonia"]
[Black "Pallardo Lozoya, Jose Vicente"]
[Result "0-1"]
[BlackTitle "FM"]
[WhiteElo "2127"]
[BlackElo "2387"]
[WhiteFideId "2263980"]
[BlackFideId "2230380"]
[EventDate "2014.08.25"]

1. d4 e6 2. c4 Nf6 3. Nf3 b6 4. Bg5 Bb7 5. Nc3 Bb4 6. Qb3 Bxc3+ 7. bxc3 h6 8.
Bh4 Nc6 9. e3 Na5 10. Qc2 Qe7 11. Rb1 d6 12. Nd2 e5 13. Bxf6 Qxf6 14. d5 Bc8 15.
Be2 Bf5 16. e4 Bd7 17. O-O O-O 18. Nb3 Nb7 19. Qd2 Qg6 20. Bd3 f5 21. exf5 Bxf5
22. Bxf5 Rxf5 23. Qd3 Qf7 24. Rbe1 Rf8 25. f3 a5 26. Nd2 Nc5 27. Qc2 Qg6 28. Kh1
h5 29. Qb1 R8f7 30. Ne4 Rf4 31. Nd2 Qxb1 32. Rxb1 R7f6 33. g3 R4f5 34. Kg2 Rf8
35. Rbe1 g6 36. Ne4 Nxe4 37. Rxe4 Kf7 38. a4 Ke7 39. h4 Kd7 40. Re3 g5 41. hxg5
Rxg5 42. Rh1 c6 43. Re4 Rgf5 44. Rf1 Rc8 45. Rc1 Rcf8 46. Rf1 Kc7 47. Re3 Kb7
48. Rd1 Rc8 49. Rc1 Rg5 50. Kf2 Rcg8 51. Rg1 Ka6 52. Re4 Rc8 53. Rc1 Rf5 54. Ke3
Rcf8 55. f4 exf4+ 56. Rxf4 Re8+ 57. Kd3 Rg5 58. dxc6 Rc8 59. Rh1 Rxg3+ 60. Kd4
Rg5 61. Rfh4 Rxc6 62. Rb1 Rgc5 63. Kd3 d5 64. cxd5 Rxd5+ 65. Rd4 Rg5 66. Rc1
Rg3+ 67. Kd2 Rg4 68. Rxg4 hxg4 69. Kd3 g3 70. Rg1 Rg6 71. Rg2 Kb7 72. c4 Kc6 73.
Ke3 Kc5 74. Kd3 Rg4 75. Kc3 Rxc4+ 76. Kb3 Rb4+ 77. Ka3 Rg4 78. Kb3 Kd4 79. Rc2
Ke3 80. Rc3+ Kf2 81. Rc2+ Kg1 82. Rc6 Rb4+ 0-1

[Event "79th ch-ESP 2014"]
[Site "Linares ESP"]
[Date "2014.08.28"]
[Round "4.16"]
[White "Matnadze, Ana"]
[Black "Saenz Narciso, Miguel Angel"]
[Result "1-0"]
[WhiteTitle "IM"]
[WhiteElo "2385"]
[BlackElo "2192"]
[WhiteFideId "13601377"]
[BlackFideId "2251256"]
[EventDate "2014.08.25"]

1. d4 Nf6 2. Nf3 c5 3. e3 g6 4. g3 Bg7 5. Bg2 O-O 6. O-O d5 7. Na3 c4 8. b3 c3
9. Nb1 Qc7 10. Ne5 Bf5 11. g4 Bd7 12. a4 Ne4 13. f3 Nd6 14. Ba3 a5 15. Qd3 Rc8
16. Nxd7 Nxd7 17. Bxd6 Qxd6 18. Na3 Qc6 19. Rad1 Rd8 20. Nb5 Nf6 21. g5 Nh5 22.
f4 Bf8 23. Nxc3 Rac8 24. Nxd5 Qxc2 25. Nb6 Rc3 26. Qxc2 Rxc2 27. Rc1 Re2 28. Nc4
Ng7 29. Rf2 Rxf2 30. Kxf2 e6 31. Nxa5 b6 32. Nc6 Re8 33. b4 Nf5 34. a5 bxa5 35.
bxa5 Ba3 36. Rc3 1-0

[Event "79th ch-ESP 2014"]
[Site "Linares ESP"]
[Date "2014.08.28"]
[Round "4.17"]
[White "Espineira Gonzalez, Diego"]
[Black "Perera Borrego, Mariela"]
[Result "1-0"]
[WhiteTitle "IM"]
[BlackTitle "WFM"]
[WhiteElo "2360"]
[BlackElo "2109"]
[WhiteFideId "2229498"]
[BlackFideId "22238255"]
[EventDate "2014.08.25"]

1. e4 d6 2. Nc3 e5 3. Bc4 Nf6 4. d3 Be7 5. f4 exf4 6. Bxf4 O-O 7. Nf3 c6 8. Bb3
d5 9. exd5 Nxd5 10. Nxd5 cxd5 11. O-O Nc6 12. Kh1 Be6 13. Qd2 Bf6 14. c3 a5 15.
Ba4 d4 16. c4 Ne7 17. Rae1 Ng6 18. Bg5 Bxg5 19. Qxg5 Qb6 20. Qb5 Qxb5 21. Bxb5
Rad8 22. Ng5 h6 23. Nxe6 fxe6 24. Rxf8+ Rxf8 25. g3 Kf7 26. Bd7 e5 27. Bf5 Ne7
28. Rxe5 Kf6 29. Re6+ Kf7 30. Bh3 Nc6 31. a3 Rd8 32. Kg1 h5 33. Re4 Kf6 34. Rf4+
Ke7 35. Rf5 g6 36. Rb5 Kd6 37. Bg2 Kc7 38. Be4 Rd6 39. Rg5 Ne7 40. Rxa5 Re6 41.
Rc5+ Kb8 42. Rb5 Nc6 43. Bxc6 Rxc6 44. Rd5 Rb6 45. b4 Ra6 46. Rxd4 Kc7 47. Kg2
Rxa3 48. h4 Ra1 49. b5 Rd1 50. Rd5 b6 51. Kf3 Rf1+ 52. Ke4 Re1+ 53. Kf4 1-0

[Event "79th ch-ESP 2014"]
[Site "Linares ESP"]
[Date "2014.08.28"]
[Round "4.18"]
[White "Vega Gutierrez, Belinda"]
[Black "Alvarez Fernandez, Enrique"]
[Result "0-1"]
[WhiteTitle "WIM"]
[BlackTitle "FM"]
[WhiteElo "2169"]
[BlackElo "2355"]
[WhiteFideId "2229994"]
[BlackFideId "2227398"]
[EventDate "2014.08.25"]

1. e4 c5 2. Nf3 d6 3. d4 cxd4 4. Nxd4 Nf6 5. Nc3 a6 6. Be2 e5 7. Nb3 Be7 8. O-O
O-O 9. Kh1 b6 10. Be3 Bb7 11. Nd5 Nxd5 12. exd5 Bg5 13. Qd2 Bxe3 14. fxe3 f5 15.
Rf3 Nd7 16. c4 g6 17. a4 a5 18. Raf1 Qe7 19. Qd1 Ba6 20. Nd2 Nc5 21. b3 Bc8 22.
Nb1 Bd7 23. Nc3 Rf7 24. Qc2 Raf8 25. Nb5 Bxb5 26. cxb5 Qh4 27. Bc4 Rc7 28. g3
Qg4 29. Be2 Qb4 30. Bd1 Rff7 31. Qc4 Qxc4 32. bxc4 Ne4 33. Re1 Rxc4 34. g4 fxg4
35. Rxf7 Kxf7 36. Rf1+ Nf6 37. Kg2 Ke8 38. Rh1 Ng8 0-1

[Event "79th ch-ESP 2014"]
[Site "Linares ESP"]
[Date "2014.08.28"]
[Round "4.19"]
[White "Andres Gonzalez, Ivan"]
[Black "Tierraseca Montero, Pablo"]
[Result "1-0"]
[WhiteTitle "FM"]
[WhiteElo "2354"]
[BlackElo "2143"]
[WhiteFideId "2217783"]
[BlackFideId "2261065"]
[EventDate "2014.08.25"]

1. e4 c5 2. Nc3 Nc6 3. Nf3 g6 4. d4 cxd4 5. Nxd4 Bg7 6. Be3 Nf6 7. Bc4 d6 8. h3
O-O 9. Bb3 a6 10. O-O Na5 11. f4 Qc7 12. Qd3 b5 13. Rae1 Nxb3 14. axb3 Bb7 15.
Bf2 e5 16. Nde2 Rac8 17. fxe5 dxe5 18. Bh4 Qc5+ 19. Kh2 Rcd8 20. Qf3 Rd6 21. Nc1
Qc7 22. b4 Nh5 23. Nd3 f5 24. Nc5 Ba8 25. Qe3 Nf4 26. Rd1 fxe4 27. N3xe4 Rxd1
28. Rxd1 Qf7 29. Rd7 Qa2 30. Qc3 Qb1 31. Rxg7+ Kxg7 32. Qxe5+ Kg8 33. Nf6+ Rxf6
34. Bxf6 Bc6 35. Qb8+ Kf7 36. Qxf4 Qxc2 37. Bc3+ 1-0